000 00558nam a2200157 4500
001 117535
003 ES-MaACL
005 20230906190927.0
007 t|
008 070214s1969 sp r ||||1| spa d
245 0 0 _aPanorama económico de Asturias /
_c[Consejo Económico Sindical, Gabinete Técnico].
260 _aOviedo :
_b[s. n.],
_c1969 (
_eGijón :
_fIndustrias Gráficas Amez)
300 _a143 p. :
_bil. ;
_c23 cm +
_e1 map.
710 2 _aConsejo Económico Sindical (España).
_bGabinete Técnico.
_93198
852 _aES-MaACL
_jC-47435
_bR.70325
999 _c117535
_d117535